University Home | Library Home | Institutional Repository

2023 Annual report (Record no. 216501)

MARC details
000 -LEADER
fixed length control field 00526nam a22001577a 4500
005 - DATE AND TIME OF LATEST TRANSACTION
control field 20260327104826.0
008 - FIXED-LENGTH DATA ELEMENTS--GENERAL INFORMATION
fixed length control field 260327b ||||| |||| 00| 0 eng d
040 ## - CATALOGING SOURCE
Original cataloging agency LC
Transcribing agency UNZA
Modifying agency UNZA
Description conventions RDA
099 ## - LOCAL FREE-TEXT CALL NUMBER (OCLC)
Classification number GOV.ZAM (02) 2023
110 ## - MAIN ENTRY--CORPORATE NAME
Corporate name or jurisdiction name as entry element Radiation Protection Authority
245 ## - TITLE STATEMENT
Title 2023 Annual report
Statement of responsibility, etc. Radiation Protection Authority
260 ## - PUBLICATION, DISTRIBUTION, ETC.
Place of publication, distribution, etc. Lusaka :
Name of publisher, distributor, etc. Radiation Protection Authority
Date of publication, distribution, etc. 2023.
300 ## - PHYSICAL DESCRIPTION
Extent 81 pages :
Other physical details illustrations.
650 ## - SUBJECT ADDED ENTRY--TOPICAL TERM
Topical term or geographic name entry element Annual report
General subdivision Radiation Protection Authority
Geographic subdivision Zambia.
999 ## -
-- 216501
-- 216501
942 ## - ADDED ENTRY ELEMENTS (KOHA)
Koha item type Government Publications
Holdings
Withdrawn status Lost status Source of classification or shelving scheme Damaged status Not for loan Home library Current library Shelving location Date acquired Total Checkouts Full call number Barcode Date last seen Copy number Price effective from Koha item type
    Library of Congress Classification     Main Library Main Library Special collections 03/27/2026   GOV.ZAM (02) 2023 33729006793645 03/27/2026 C.1 03/27/2026 Government Publications
© 2026 - The University of Zambia Library - Koha v25.11